ბათუმის შოთა რუსთაველის სახელმწიფო უნივერსიტეტის ბიბლიოთეკა

WHO classification of tumours of female reproductive organs / (ბიბ.ჩანაწერი № 57432)

000 -LEADER
fixed length control field 00818cam a22002177a 4500
001 - CONTROL NUMBER
control field 18323211
005 - DATE AND TIME OF LATEST TRANSACTION
control field 20221107121106.0
008 - FIXED-LENGTH DATA ELEMENTS--GENERAL INFORMATION
fixed length control field 141002s2014 fr a b i001 0 eng
020 ## - INTERNATIONAL STANDARD BOOK NUMBER
International Standard Book Number 9789283224358 X
041 ## - LANGUAGE CODE
Language code of text/sound track or separate title eng
080 ## - UNIVERSAL DECIMAL CLASSIFICATION NUMBER
Universal Decimal Classification number 616-006+618 W-64
245 00 - TITLE STATEMENT
Title WHO classification of tumours of female reproductive organs /
Statement of responsibility, etc. edited by Robert J. Kurman ... [et al.].
250 ## - EDITION STATEMENT
Edition statement 4th ed.
264 ## - PRODUCTION, PUBLICATION, DISTRIBUTION, MANUFACTURE, AND COPYRIGHT NOTICE
Place of production, publication, distribution, manufacture Lyon :
Name of producer, publisher, distributor, manufacturer International Agency for Research on Cancer,
Date of production, publication, distribution, manufacture, or copyright notice 2014.
300 ## - PHYSICAL DESCRIPTION
Extent 307 p. :
Other physical details col. ill. ;
Dimensions 27 cm.
653 ## - INDEX TERM--UNCONTROLLED
keyword ქალის რეპროდუქციული ორგანოების სიმსივნე
653 ## - INDEX TERM--UNCONTROLLED
keyword მედიცინა
653 ## - INDEX TERM--UNCONTROLLED
keyword ონკოლოგია
700 1# - ADDED ENTRY--PERSONAL NAME
Personal name Kurman, Robert J.
Relator term რედაქტორი
9 (RLIN) 8615
942 ## - ADDED ENTRY ELEMENTS (KOHA)
Source of classification or shelving scheme
Koha item type წიგნი
ეგზემპლარები
Withdrawn status Lost status Source of classification or shelving scheme Damaged status Not for loan Permanent Location Current Location Shelving location Date acquired Cost, normal purchase price Full call number Barcode Date last seen Copy number Price effective from Koha item type Public note
          ბათუმის შოთა რუსთაველის სახელმწიფო უნივერსიტეტის მთავარი ბიბლიოთეკა ბათუმის შოთა რუსთაველის სახელმწიფო უნივერსიტეტის მთავარი ბიბლიოთეკა წიგნსაცავი 2020-06-18 324.00 616-006+618 W-64 60627 2020-06-18 60627 2020-06-18 წიგნი 324 ლ.